Harry Potter and the order of the phoenix. (Record no. 55198)
[ view plain ]
| 000 -LEADER | |
|---|---|
| fixed length control field | 02790nam a22005057a 4500 |
| 005 - DATE AND TIME OF LATEST TRANSACTION | |
| control field | 20110810152733.0 |
| 007 - PHYSICAL DESCRIPTION FIXED FIELD--GENERAL INFORMATION | |
| fixed length control field | ca cga|||||||| |
| 008 - FIXED-LENGTH DATA ELEMENTS--GENERAL INFORMATION | |
| fixed length control field | 101222s2007 cau | g 00| 0 eng |
| 010 ## - LIBRARY OF CONGRESS CONTROL NUMBER | |
| LC control number | DVD-008151-156 |
| 020 ## - INTERNATIONAL STANDARD BOOK NUMBER | |
| International Standard Book Number | 8903539705939 |
| 024 1# - OTHER STANDARD IDENTIFIER | |
| Standard number or code | 014633153606 |
| 035 ## - SYSTEM CONTROL NUMBER | |
| System control number | DVD-008151-156 |
| 040 ## - CATALOGING SOURCE | |
| Original cataloging agency | DPL |
| Transcribing agency | VEN |
| 082 ## - DEWEY DECIMAL CLASSIFICATION NUMBER | |
| Classification number | DVD HARR |
| 245 00 - TITLE STATEMENT | |
| Title | Harry Potter and the order of the phoenix. |
| 246 30 - VARYING FORM OF TITLE | |
| Title proper/short title | Order of the phoenix |
| 250 ## - EDITION STATEMENT | |
| Edition statement | PC DVD |
| 260 ## - PUBLICATION, DISTRIBUTION, ETC. (IMPRINT) | |
| Place of publication, distribution, etc | Redwood City, Calif. : |
| Name of publisher, distributor, etc | Warner Bros Enterainment, |
| Date of publication, distribution, etc | c2007. |
| 300 ## - PHYSICAL DESCRIPTION | |
| Extent | 1 DVD : |
| Other physical details | sd., col. ; |
| Dimensions | 4 3/4 in. + |
| 500 ## - GENERAL NOTE | |
| General note | Summary from container. |
| 500 ## - GENERAL NOTE | |
| General note | Not viewed. |
| 500 ## - GENERAL NOTE | |
| General note | Source used: Copyright catalog online. |
| 520 ## - SUMMARY, ETC. | |
| Summary, etc | Explore all of Hogwarts to recruit Dumbledore's Army, overthrow Umbridge and prepare to fight Voldemort and his Death Eaters. |
| 521 ## - TARGET AUDIENCE NOTE | |
| Target audience note | ESRB rating: Everyone 10+. Fantasy violence. |
| 538 ## - SYSTEM DETAILS NOTE | |
| System details note | System requirements: Pentium-based IBM-PC or compatible, 1.6GHz or faster; Windows XP or Vista. |
| 650 #0 - SUBJECT ADDED ENTRY--TOPICAL TERM | |
| Topical term or geographic name as entry element | Potter, Harry (Fictitious character) |
| 9 (RLIN) | 32341 |
| 650 #0 - SUBJECT ADDED ENTRY--TOPICAL TERM | |
| Topical term or geographic name as entry element | Hogwarts School of Witchcraft and Wizardry (Imaginary organization) |
| 9 (RLIN) | 32342 |
| 650 #0 - SUBJECT ADDED ENTRY--TOPICAL TERM | |
| Topical term or geographic name as entry element | Wizards |
| 9 (RLIN) | 32343 |
| 650 #0 - SUBJECT ADDED ENTRY--TOPICAL TERM | |
| Topical term or geographic name as entry element | Magic |
| Form subdivision | Computer games. |
| 9 (RLIN) | 32344 |
| 650 #0 - SUBJECT ADDED ENTRY--TOPICAL TERM | |
| 9 (RLIN) | 32345 |
| 710 2# - ADDED ENTRY--CORPORATE NAME | |
| Corporate name or jurisdiction name as entry element | Electronic Arts (Firm) |
| 9 (RLIN) | 32346 |
| 710 2# - ADDED ENTRY--CORPORATE NAME | |
| Corporate name or jurisdiction name as entry element | Copyright Collection (Library of Congress) |
| Institution to which field applies | DLC |
| 9 (RLIN) | 32347 |
| 730 0# - ADDED ENTRY--UNIFORM TITLE | |
| Uniform title | Harry Potter and the Order of the Phoenix (Motion picture) |
| 9 (RLIN) | 32348 |
| 753 ## - SYSTEM DETAILS ACCESS TO COMPUTER FILES | |
| Make and model of machine | PC |
| Operating system | Windows XP |
| 906 ## - LOCAL DATA ELEMENT F, LDF (RLIN) | |
| g | y-movingim |
| 942 ## - ADDED ENTRY ELEMENTS (KOHA) | |
| Source of classification or shelving scheme | Dewey Decimal Classification |
| Item type | CD-ROMs, DVDs, VHS |
| Classification part | DVD |
| Call number suffix | HARR |
| Withdrawn status | Lost status | Source of classification or shelving scheme | Damaged status | Not for loan | Collection code | Home library | Current library | Date acquired | Source of acquisition | Cost, normal purchase price | Total Checkouts | Full call number | Barcode | Date last seen | Date last borrowed | Copy number | Cost, replacement price | Price effective from | Koha item type |
|---|---|---|---|---|---|---|---|---|---|---|---|---|---|---|---|---|---|---|---|
| Dewey Decimal Classification | Fiction | Central Library | Central Library | 10/08/2011 | Pioneer/315/19.7.11/02/29.7.11 | 399.00 | 4 | DVD HAR | DVD-008151 | 12/05/2017 | 28/04/2017 | 1 | 399.00 | 10/08/2011 | CD-ROMs, DVDs, VHS | ||||
| Dewey Decimal Classification | Fiction | Karol Bagh | Karol Bagh | 10/08/2011 | Pioneer/315/19.7.11/02/29.7.11 | 399.00 | DVD HAR | DVD-008154 | 10/08/2011 | 1 | 399.00 | 10/08/2011 | CD-ROMs, DVDs, VHS | ||||||
| Dewey Decimal Classification | Fiction | Narela | Narela | 10/08/2011 | Pioneer/315/19.7.11/02/29.7.11 | 399.00 | DVD HAR | DVD-008156 | 10/08/2011 | 1 | 399.00 | 10/08/2011 | CD-ROMs, DVDs, VHS | ||||||
| Dewey Decimal Classification | Fiction | Patel Nagar | Patel Nagar | 10/08/2011 | Pioneer/315/19.7.11/02/29.7.11 | 399.00 | DVD HAR | DVD-008152 | 10/08/2011 | 1 | 399.00 | 10/08/2011 | CD-ROMs, DVDs, VHS | ||||||
| Dewey Decimal Classification | Fiction | Sarojini Nagar | Sarojini Nagar | 10/08/2011 | Pioneer/315/19.7.11/02/29.7.11 | 399.00 | DVD HAR | DVD-008153 | 10/08/2011 | 1 | 399.00 | 10/08/2011 | CD-ROMs, DVDs, VHS | ||||||
| Dewey Decimal Classification | Fiction | Shahdara Branch | Shahdara Branch | 10/08/2011 | Pioneer/315/19.7.11/02/29.7.11 | 399.00 | 1 | DVD HAR | DVD-008155 | 24/10/2019 | 10/10/2019 | 1 | 399.00 | 10/08/2011 | CD-ROMs, DVDs, VHS |
